| 000 | 00450nam a2200169 a 4500 | ||
|---|---|---|---|
| 005 | 20140310183148.0 | ||
| 008 | 020826s19uu xx 00 eng d | ||
| 020 | _a0373258054 | ||
| 050 |
_aPS 3553.R215 _b.B885 1998 |
||
| 100 | _aBrownley, Margaret | ||
| 245 |
_aBody language / _cMargaret Brownley. |
||
| 260 |
_aAustralia ; _bSilhoutte Books, _c1998. |
||
| 300 |
_a211 p. : _c17 cm. |
||
| 650 | _aFiction | ||
| 942 |
_cBK _2lcc |
||
| 999 |
_c19606 _d19606 |
||